000 00568nam a2200241Ia 4500
003 IT-RoPAU
008 120407s9999 xx 000 0 und d
040 _aIT-RoPAU
040 _cIT-RoPAU
041 _aita
100 _aChiara d’Assisi
100 _csanta
245 _aPreghiamo con santa Chiara. Selezione dei testi di G. De Roma
250 _aMilano
260 _aEdizioni Paoline
260 _c1993
300 _a109 p.
300 _c20 cm
490 _aPreghiere di tutti i tempi - Tascabili 51
490 _v1
942 _cBK
999 _c24322
_d24322